| 000 | 00000nam##2200000za#4500 |
| 001 | 9.662751 |
| 003 | CaOODSP |
| 005 | 20200328165325 |
| 007 | ta |
| 008 | 150407|2000||||xxc||||| f|0| 0 eng|d |
| 020 | |a0-662-30155-2 |
| 040 | |aCaOODSP|beng |
| 041 | |aeng |
| 041 | |afre |
| 043 | |an-cn--- |
| 086 | 1 |aE2-241/2000 |
| 110 | 1 |aCanada.|bForeign Affairs and International Trade. |bCanadian Centre for Foreign Policy Development. |
| 245 | 14|aThe 2nd Annual Graduate Student Seminar: the role of NGO's and civil society in conflict and humanitarian efforts : |bcompendium of papers |
| 260 | |aOttawa - Ontario : |bForeign Affairs and International Trade. |c2002. |
| 300 | |a230p. : |billus., maps ; |c28 cm. |
| 504 | |aBibliography. |
| 546 | |aIndividual articles in their original language. |
| 546 | |aBiographies and abstracts in English and in French. Individual articles in their original language. |
| 563 | |aRing binding |
| 590 | |a02-34|b2002-08-23 |
| 690 | 07|aConflicts|2gcpds |
| 690 | 07|aHumanitarian aid|2gcpds |
| 690 | 07|aNongovernmental organizations|2gcpds |
| 776 | 0#|tDeuxième séminaire annuel des étudiants diplômés: le rôle des ONG et de la société civile et les efforts humanitaires, du 30 avril au 5 mai 2000 (Ottawa, Ontario) : |w(CaOODSP)9.674288 |
| 792 | |tDeuxième Séminaire annuel des étudiants diplômés: le rôle des ONG et de la société civile et les efforts humanitaires : |efre|w(CaOODSP)9.662752 |